Technology, Growth, and Development: An Induced Innovation Perspective (Record no. 617808)

MARC details
000 -LEADER
fixed length control field 00547nam a2200181 a 4500
008 - FIXED-LENGTH DATA ELEMENTS--GENERAL INFORMATION
fixed length control field 260318s2026##################000#0#eng##
020 ## - INTERNATIONAL STANDARD BOOK NUMBER
ISBN 9780195118711
Paper back/Hardbound hbk
082 04 - DEWEY DECIMAL CLASSIFICATION NUMBER
Classification number 338.064 RUT
100 ## - MAIN ENTRY--AUTHOR NAME
Personal name Ruttan, Vernon W.
245 10 - TITLE STATEMENT
Title Technology, Growth, and Development: An Induced Innovation Perspective
Statement of responsibility, etc \Vernon W. Ruttan
250 ## - EDITION STATEMENT
Edition statement 1st ed.
260 ## - PUBLICATION, DISTRIBUTION, ETC. (IMPRINT)
Place of publication USA;
Name of publisher Oxford University Press Inc,
Year of publication 2000.
300 ## - PHYSICAL DESCRIPTION
Number of Pages XVI,656p.
Dimensions ;26cm.
650 ## - SUBJECT ADDED ENTRY--TOPICAL TERM
Topical Term small business
Topical Term Entrepreneurship
942 ## - ADDED ENTRY ELEMENTS (KOHA)
Koha item type English Books
Holdings
Withdrawn status Lost status Damaged status Not for loan Home library Current library Shelving location Date acquired Full call number Accession Number Price effective from Koha item type
        Anna Centenary Library Anna Centenary Library 4TH FLOOR, A WING 18.03.2026 338.064 RUT 279463 18.03.2026 English Books

Find us on the map